[Event "Mistrzostwa Polski Juniorów Młodszych"]
[Site "Suwałki, Poland"]
[Date "2025.04.29"]
[Round "8.17"]
[White "Wiekiera, Tomasz"]
[Black "Machaj, Szymon"]
[Result "1/2-1/2"]
[WhiteElo "1613"]
[BlackElo "1760"]
[PlyCount "91"]
[EventDate "2025.??.??"]

1. d4 d5 2. c4 dxc4 3. e4 e5 4. Nf3 exd4 5. Bxc4 Nc6 6. O-O Be6 7. Bxe6 fxe6 8. Qb3 Qd7 9. Qxb7 Rb8 10. Qa6 Nf6 11. Nbd2 Bd6 12. a3 e5 13. Re1 O-O 14. b4 Ne7 15. Bb2 Ng6 16. Rac1 Ra8 17. Nc4 Nh5 18. Nxd6 cxd6 19. Ng5 h6 20. Qc4+ d5 21. Qc6 Qxc6 22. Rxc6 Ngf4 23. Ne6 Nxe6 24. Rxe6 Nf4 25. Re7 Nd3 26. Re2 dxe4 27. Rd2 Rf7 28. Rxf7 Kxf7 29. f3 Nxb2 30. Rxb2 e3 31. Kf1 Rc8 32. Ke2 Ke6 33. b5 Kd5 34. a4 Rc7 35. g3 e4 36. f4 Rd7 37. a5 Kc4 38. b6 axb6 39. axb6 Rb7 40. g4 Kc3 41. Rb5 Kc4 42. Rb1 Kc5 43. h4 Rxb6 44. Rxb6 Kxb6 45. g5 Kc6 46. f5 1/2-1/2

[Event "Mistrzostwa Polski Juniorów Młodszych"]
[Site "Suwałki, Poland"]
[Date "2025.04.29"]
[Round "8.3"]
[White "Chmielek, Milan"]
[Black "Buklaho, Ignacy"]
[Result "0-1"]
[WhiteElo "1954"]
[BlackElo "1932"]
[PlyCount "96"]
[EventDate "2025.??.??"]

1. d4 d5 2. Nc3 Nf6 3. Bf4 a6 4. e3 e6 5. g4 Bb4 6. Nge2 O-O 7. a3 Bd6 8. g5 Ne4 9. Nxe4 dxe4 10. Bg2 Bd7 11. Bxe4 Bc6 12. Qd3 Bxe4 13. Qxe4 Nc6 14. h4 Qe7 15. Bxd6 cxd6 16. f4 Rad8 17. O-O-O d5 18. Qd3 b5 19. e4 b4 20. e5 Rc8 21. a4 Na5 22. b3 Rc6 23. Kd2 Rfc8 24. Rc1 Qa7 25. Kd1 Qb6 26. h5 Rc3 27. Nxc3 Rxc3 28. Qd2 Nc6 29. Qf2 Nxd4 30. Rh4 Rf3 31. Qg1 a5 32. f5 Qa6 33. c4 Rd3+ 34. Ke1 Nf3+ 35. Ke2 Nxg1+ 36. Kxd3 Nf3 37. Rf4 Nxe5+ 38. Kd4 Qa7+ 39. c5 Nc6+ 40. Ke3 e5 41. Rg4 Qd7 42. Rf1 d4+ 43. Kd3 Qd5 44. g6 e4+ 45. Rxe4 Ne5+ 46. Rxe5 Qxe5 47. gxh7+ Kxh7 48. c6 Qe3+ 0-1

[Event "Mistrzostwa Polski Juniorów Młodszych"]
[Site "Suwałki, Poland"]
[Date "2025.04.29"]
[Round "8.12"]
[White "Cieslar, Nikodem"]
[Black "Koch, Maciej"]
[Result "0-1"]
[WhiteElo "1686"]
[BlackElo "1668"]
[PlyCount "176"]
[EventDate "2025.??.??"]

1. e4 c5 2. c3 d5 3. exd5 Qxd5 4. d4 Nc6 5. Nf3 Bg4 6. Be2 cxd4 7. cxd4 e6 8. O-O Nf6 9. Nc3 Qa5 10. Be3 Be7 11. h3 Bf5 12. Nh4 Bg6 13. Nxg6 hxg6 14. Bf3 Rc8 15. Re1 O-O 16. Qd2 Rfd8 17. Rac1 Bc5 18. Bxc6 Rxc6 19. a3 Bb6 20. Rcd1 Rcd6 21. b4 Qh5 22. Ne2 Qb5 23. Qc2 Qd7 24. Rc1 Nd5 25. Bg5 Ne7 26. Red1 f6 27. Be3 e5 28. a4 exd4 29. Bf4 Rc6 30. Qb3+ Qe6 31. Qd3 a6 32. a5 Ba7 33. Be3 Rxc1 34. Bxc1 Nc6 35. Nf4 Qf7 36. Nxg6 Nxb4 37. Qf5 Nc6 38. Re1 Re8 39. Rd1 Ne7 40. Nxe7+ Qxe7 41. Bf4 Qc5 42. Qg6 Qe7 43. Rd3 Qe1+ 44. Kh2 Qe4 45. Qxe4 Rxe4 46. Bd2 Kf7 47. Kg3 Re7 48. f4 Ke6 49. Bb4 Rd7 50. Kf3 Kd5 51. Be1 Kc4 52. Rd1 d3 53. g4 Re7 54. g5 fxg5 55. fxg5 Re3+ 56. Kg4 Kd5 57. h4 Bd4 58. h5 Ke4 59. h6 gxh6 60. gxh6 Re2 61. Bg3 d2 62. h7 Kd3 63. Rh1 Kc2 64. Kf3 d1=Q 65. Rxd1 Kxd1 66. Bf4 Re7 67. Bg5 Rxh7 68. Ke4 Bc3 69. Bd8 Rh5 70. Kd3 Bxa5 71. Bf6 b5 72. Ba1 b4 73. Kc4 Kc2 74. Bd4 b3 75. Bf6 b2 76. Bxb2 Kxb2 77. Kd3 Bc3 78. Kc4 a5 79. Kd3 a4 80. Kc4 a3 81. Kd3 a2 82. Kc4 a1=Q 83. Kd3 Qd1+ 84. Ke3 Qd4+ 85. Kf3 Rf5+ 86. Kg3 Qf4+ 87. Kg2 Rg5+ 88. Kh3 Qg3# 0-1

[Event "Mistrzostwa Polski Juniorów Młodszych"]
[Site "Suwałki, Poland"]
[Date "2025.04.29"]
[Round "8.13"]
[White "Perkowski, Jakub"]
[Black "Kaczmarek, Piotr"]
[Result "1/2-1/2"]
[WhiteElo "1619"]
[BlackElo "1767"]
[PlyCount "85"]
[EventDate "2025.??.??"]

1. e4 c5 2. Nf3 e6 3. d4 cxd4 4. Nxd4 Nf6 5. Nc3 d6 6. g4 h6 7. Rg1 a6 8. Bg2 g6 9. h3 Nc6 10. Be3 Qc7 11. f4 Qb6 12. Na4 Qa5+ 13. c3 Bd7 14. Nxc6 Bxc6 15. Nb6 Rd8 16. b4 Qa3 17. Qc2 Nxe4 18. Bxe4 Bxe4 19. Qxe4 Qxc3+ 20. Kf2 d5 21. Qd4 Bg7 22. Qxc3 Bxc3 23. Rab1 g5 24. Na4 gxf4 25. Bb6 Rc8 26. Nxc3 Rxc3 27. Rbc1 Rc6 28. Rxc6 bxc6 29. Bc7 Kd7 30. Bxf4 f6 31. h4 e5 32. Bd2 d4 33. Kf3 Ke6 34. Ke4 h5 35. g5 f5+ 36. Kf3 Rg8 37. g6 Kf6 38. Bg5+ Kg7 39. Be7 Re8 40. Bd6 Re6 41. Bc7 e4+ 42. Kf4 Rxg6 43. Be5+ {Re6} 1/2-1/2

[Event "Mistrzostwa Polski Juniorów Młodszych"]
[Site "Suwałki, Poland"]
[Date "2025.04.29"]
[Round "8.15"]
[White "Szuminski, Jakub"]
[Black "Lisek, Adam"]
[Result "1-0"]
[WhiteElo "1698"]
[BlackElo "1575"]
[PlyCount "77"]
[EventDate "2025.??.??"]

1. e4 c5 2. Nf3 e6 3. d4 cxd4 4. Nxd4 Nf6 5. Bd3 Nc6 6. Nxc6 bxc6 7. Bf4 d5 8. Nd2 Be7 9. O-O O-O 10. e5 Nd7 11. Re1 f5 12. exf6 Nxf6 13. Nf3 Bd6 14. Bxd6 Qxd6 15. Ne5 c5 16. c4 Bb7 17. Ng4 d4 18. Nxf6+ Rxf6 19. Qh5 Rh6 20. Qe5 Qxe5 21. Rxe5 Rc8 22. Rae1 Kf7 23. Rg5 Kf6 24. Ree5 Ba8 25. Rxc5 Rxc5 26. Rxc5 e5 27. f3 Rh4 28. g3 Rh6 29. Kg2 Rh5 30. Rc7 Bxf3+ 31. Kxf3 Rxh2 32. c5 Rxb2 33. c6 Ke6 34. Rxg7 Rb6 35. c7 Rc6 36. Ba6 Rc3+ 37. Kg4 Kf6 38. Rxh7 Kg6 39. Rd7 1-0

[Event "Mistrzostwa Polski Juniorów Młodszych"]
[Site "Suwałki, Poland"]
[Date "2025.04.29"]
[Round "8.6"]
[White "Kopia, Julian"]
[Black "Mrozowski, Nikodem"]
[Result "0-1"]
[WhiteElo "1814"]
[BlackElo "1984"]
[PlyCount "160"]
[EventDate "2025.??.??"]

1. e4 d6 2. d4 Nf6 3. Bd3 g6 4. h3 Bg7 5. Nf3 c6 6. O-O O-O 7. c3 Qc7 8. Re1 e5 9. Nbd2 Nbd7 10. a4 d5 11. dxe5 Nxe5 12. Nxe5 Qxe5 13. Nf3 Qc7 14. exd5 Nxd5 15. Bf1 h6 16. Nd4 b6 17. a5 Rd8 18. Qf3 a6 19. Bc4 b5 20. Bb3 Bb7 21. Bxd5 Rxd5 22. Bf4 Qd7 23. Nb3 Rd8 24. Be3 c5 25. Qe2 Qc6 26. f3 Re8 27. Qf2 Bf8 28. Rad1 Rde5 29. Bf4 Rxe1+ 30. Rxe1 Rxe1+ 31. Qxe1 Qd5 32. Nc1 Bc6 33. Kh2 g5 34. Bg3 Bg7 35. Qf2 f5 36. Bc7 Qd7 37. Bb6 Be5+ 38. Kh1 Qd1+ 39. Qg1 Qc2 40. Bxc5 Bd5 41. Bd4 Bg3 42. b3 h5 43. Qf1 g4 44. Ne2 Bd6 45. fxg4 hxg4 46. hxg4 fxg4 47. Qc1 Qh7+ 48. Kg1 Bh2+ 49. Kf2 Qf5+ 50. Ke1 Kh7 51. g3 Bxb3 52. Qf4 Qxf4 53. gxf4 g3 54. Kf1 Bc4 55. Ke1 Bxe2 56. Kxe2 g2 57. Kf3 g1=Q 58. Bxg1 Bxg1 59. Ke4 Bf2 60. Kd3 Kg6 61. c4 bxc4+ 62. Kxc4 Be1 63. Kc5 Bxa5 64. Kc6 Bd8 65. Kc5 Kf5 66. Kb4 a5+ 67. Ka4 Kxf4 68. Ka3 Ke4 69. Ka2 Kd4 70. Ka3 Kc4 71. Ka4 Bc7 72. Ka3 Kb5 73. Kb3 a4+ 74. Ka3 Bd6+ 75. Ka2 Kb4 76. Kb2 a3+ 77. Ka2 Ka4 78. Kb1 Kb3 79. Ka1 Be5+ 80. Kb1 a2+ 0-1

[Event "Mistrzostwa Polski Juniorów Młodszych"]
[Site "Suwałki, Poland"]
[Date "2025.04.29"]
[Round "8.9"]
[White "Kilarski, Kacper"]
[Black "Czech, Franciszek"]
[Result "1/2-1/2"]
[WhiteElo "1701"]
[BlackElo "1864"]
[PlyCount "61"]
[EventDate "2025.??.??"]

1. d4 Nf6 2. c4 e6 3. Nf3 d5 4. Nc3 Bb4 5. Qa4+ Nc6 6. e3 O-O 7. Qc2 Re8 8. Bd2 e5 9. dxe5 Nxe5 10. cxd5 Nxf3+ 11. gxf3 Bxc3 12. Bxc3 Qxd5 13. Be2 Bf5 14. Qa4 Qe6 15. Bc4 Qb6 16. O-O-O a6 17. Qb3 Qxb3 18. Bxb3 Rad8 19. e4 Be6 20. Rxd8 Rxd8 21. Bxe6 fxe6 22. Be5 Ne8 23. Rd1 Rxd1+ 24. Kxd1 Kf7 25. Kd2 Ke7 26. Kd3 g6 27. Kd4 Kd7 28. Bg3 Nd6 29. a4 a5 30. b3 b6 31. Bf4 1/2-1/2

[Event "Mistrzostwa Polski Juniorów Młodszych"]
[Site "Suwałki, Poland"]
[Date "2025.04.29"]
[Round "8.19"]
[White "Wojtun, Maksymilian"]
[Black "Malinowski, Tobiasz"]
[Result "1-0"]
[WhiteElo "1694"]
[BlackElo "1653"]
[PlyCount "135"]
[EventDate "2025.??.??"]

1. e4 c5 2. Nf3 Nc6 3. Bb5 g6 4. Bxc6 dxc6 5. d3 Bg7 6. O-O e5 7. Be3 Qe7 8. h3 Nf6 9. Nh2 Nh5 10. Nc3 Nf4 11. Qf3 Ne6 12. Qg3 b6 13. Ne2 O-O 14. Rab1 Ba6 15. f4 exf4 16. Nxf4 Rad8 17. h4 c4 18. Rfd1 Rd7 19. Ng4 Rfd8 20. Nf2 Nc5 21. Bxc5 Qxc5 22. Kh1 Bd4 23. Ng4 h5 24. c3 hxg4 25. cxd4 Rxd4 26. Qxg4 Qd6 27. h5 Kh7 28. hxg6+ fxg6 29. Ne6 Rh8 30. dxc4 Kg8+ 31. Kg1 Rxd1+ 32. Rxd1 Qh2+ 33. Kf2 Qh4+ 34. Qxh4 Rxh4 35. Kf3 Bxc4 36. Nd4 c5 37. Nc6 Bxa2 38. Ra1 Bc4 39. Rxa7 Bd3 40. Re7 Kf8 41. Re6 g5 42. Ke3 Bc4 43. Rg6 Rg4 44. Ne5 Bf7 45. Rf6 Rf4 46. Rxf4 gxf4+ 47. Kxf4 Be6 48. Nd3 Bc4 49. Ke3 Ke7 50. Nf4 Kd6 51. g4 b5 52. g5 Bg8 53. Nd3 c4 54. Ne1 Ke5 55. Nf3+ Kd6 56. Kd4 b4 57. Nh4 Kc6 58. Nf5 Kd7 59. g6 Be6 60. g7 Kd8 61. Nh6 c3 62. bxc3 b3 63. Kd3 Bc4+ 64. Kxc4 b2 65. g8=Q+ Ke7 66. Nf5+ Kf6 67. Qg7+ Ke6 68. Qe7# 1-0

[Event "Mistrzostwa Polski Juniorów Młodszych"]
[Site "Suwałki, Poland"]
[Date "2025.04.29"]
[Round "8.4"]
[White "Szeszycki, Jan"]
[Black "Markowski, Adam"]
[Result "0-1"]
[WhiteElo "1875"]
[BlackElo "1790"]
[PlyCount "136"]
[EventDate "2025.??.??"]

1. e4 d6 2. d4 Nf6 3. Nc3 Nc6 4. g3 g6 5. Bg2 Bg7 6. Nge2 O-O 7. O-O e5 8. h3 exd4 9. Nxd4 Bd7 10. Be3 Re8 11. Re1 a6 12. a3 Ne5 13. f4 Nc4 14. Rb1 Nxe3 15. Rxe3 c5 16. Nde2 Bc6 17. Qd2 Qc7 18. Rd1 Rad8 19. Kh2 b5 20. Nd5 Bxd5 21. exd5 Rxe3 22. Qxe3 Re8 23. Qf2 Nd7 24. c3 Nb6 25. Nc1 Na4 26. Nd3 c4 27. Re1 Rxe1 28. Nxe1 Qe7 29. Nf3 Qe4 30. Ng5 Qe7 31. Ne4 h6 32. Qd2 f5 33. Nf2 Kh7 34. Bf3 Bf6 35. Bd1 Nc5 36. Bc2 Qf7 37. Kg2 Bd8 38. Kh2 Bb6 39. Qe3 Nd7 40. Qe6 Qxe6 41. dxe6 Nf6 42. Nd1 Kg7 43. b3 d5 44. a4 Kf8 45. axb5 axb5 46. bxc4 dxc4 47. g4 fxg4 48. Bxg6 Ke7 49. hxg4 Nxg4+ 50. Kg3 Nf6 51. f5 Bc7+ 52. Kf3 Be5 53. Ke3 h5 54. Kd2 h4 55. Nf2 Nd5 56. Ne4 Nf4 57. Bf7 h3 58. Nf2 h2 59. Ke3 Nd3 60. Nh1 Bxc3 61. Bh5 b4 62. Be2 Ne5 63. Bd1 b3 64. Ng3 Be1 65. Nh1 Nc6 66. Ke2 Bc3 67. Bxb3 cxb3 68. Kd3 Be1 {Kd4} 0-1

[Event "Mistrzostwa Polski Juniorów Młodszych"]
[Site "Suwałki, Poland"]
[Date "2025.04.29"]
[Round "8.7"]
[White "Wolak, Jan"]
[Black "Bednarek, Jan"]
[Result "1-0"]
[WhiteElo "1782"]
[BlackElo "1989"]
[PlyCount "63"]
[EventDate "2025.??.??"]

1. e4 e5 2. Nf3 Nc6 3. Bc4 Nf6 4. d3 Bc5 5. O-O d6 6. c3 a5 7. Bb3 h6 8. Nbd2 O-O 9. Re1 Be6 10. Nf1 Ba7 11. Ng3 Ne7 12. d4 Ng6 13. h3 Re8 14. Bc2 c6 15. Be3 Qc7 16. Qc1 Kh7 17. a3 b5 18. b4 Bb6 19. Qb2 Ra7 20. Nf5 Nh5 21. Qc1 Nhf4 22. g3 Nxh3+ 23. Kg2 Ng5 24. Bxg5 hxg5 25. Qxg5 Kg8 26. Qh5 Kf8 27. Ng5 Bc4 28. Rh1 f6 29. Qxg6 fxg5 30. Rh8+ Bg8 31. Rxg8+ Kxg8 32. Qxe8+ 1-0

[Event "Mistrzostwa Polski Juniorów Młodszych"]
[Site "Suwałki, Poland"]
[Date "2025.04.29"]
[Round "8.21"]
[White "Guss, Hubert"]
[Black "Tyszka, Kacper"]
[Result "1-0"]
[WhiteElo "1599"]
[BlackElo "1508"]
[PlyCount "69"]
[EventDate "2025.??.??"]

1. d4 Nf6 2. Bf4 e6 3. e3 d5 4. Nf3 Bd6 5. Bg3 Nc6 6. c3 Qe7 7. Ne5 Bxe5 8. dxe5 Ne4 9. f4 h5 10. Nd2 Nxd2 11. Qxd2 Bd7 12. Bd3 Na5 13. b4 Nc4 14. Bxc4 dxc4 15. Qd4 Bc6 16. Qxc4 Bxg2 17. Rg1 Bd5 18. Qe2 O-O-O 19. e4 Bc6 20. a4 Be8 21. Bf2 g6 22. b5 b6 23. a5 Kb8 24. axb6 cxb6 25. Rg3 Qd7 26. c4 Qe7 27. Ra4 Qc7 28. Rga3 a5 29. c5 Qd7 30. cxb6 Rc8 31. Be3 Qb7 32. Rxa5 Bxb5 33. Qxb5 Rc1+ 34. Ke2 Rc2+ 35. Kf3 1-0

[Event "Mistrzostwa Polski Juniorów Młodszych"]
[Site "Suwałki, Poland"]
[Date "2025.04.29"]
[Round "8.18"]
[White "Cichocki, Aleksander"]
[Black "Czech, Emil"]
[Result "0-1"]
[WhiteElo "1698"]
[BlackElo "1673"]
[PlyCount "86"]
[EventDate "2025.??.??"]

1. e4 c5 2. Nf3 e6 3. Bc4 a6 4. O-O b5 5. Be2 Bb7 6. d3 Nf6 7. Re1 Be7 8. h3 Nc6 9. Bf4 O-O 10. c3 d5 11. Qc2 Rc8 12. Nbd2 Nd7 13. exd5 exd5 14. Bf1 Nb6 15. Ne5 Bf6 16. Nxc6 Rxc6 17. Rad1 Na4 18. Nf3 Qa5 19. Be5 Bxe5 20. Nxe5 Re6 21. Nf3 d4 22. Rxe6 Bxf3 23. Ree1 Bxd1 24. Rxd1 dxc3 25. b3 Nb2 26. Re1 b4 27. Ra1 Rd8 28. Kh1 g6 29. Kg1 Rd4 30. Re1 Qd8 31. Re3 Kg7 32. Qe2 Kf8 33. Rf3 Qd7 34. Qe5 Kg8 35. Qb8+ Qd8 36. Qa7 Rd7 37. Qxc5 Nxd3 38. Bxd3 Rxd3 39. Rxd3 Qxd3 40. Qc8+ Kg7 41. Qc7 Qe4 42. Kh2 g5 43. Qg3 Qf4 0-1

[Event "Mistrzostwa Polski Juniorów Młodszych"]
[Site "Suwałki, Poland"]
[Date "2025.04.29"]
[Round "8.8"]
[White "Bilochenko, Matvii"]
[Black "Sucharski, Jakub"]
[Result "1-0"]
[WhiteElo "2027"]
[BlackElo "1786"]
[PlyCount "47"]
[EventDate "2025.??.??"]

1. e4 e5 2. Nf3 Nc6 3. Bb5 f5 4. d3 d6 5. O-O Be7 6. exf5 Bxf5 7. d4 exd4 8. Nxd4 Bd7 9. Bxc6 bxc6 10. Qf3 c5 11. Nc6 Qc8 12. Nxe7 Kxe7 13. Nc3 Nf6 14. Bg5 Kf7 15. Bxf6 gxf6 16. Nd5 Qd8 17. Rae1 Re8 18. Rxe8 Bxe8 19. Nxf6 Kg7 20. Re1 Bg6 21. Nd5 Qg5 22. Nxc7 Qd2 23. Ne6+ Kh6 24. Rd1 1-0

[Event "Mistrzostwa Polski Juniorów Młodszych"]
[Site "Suwałki, Poland"]
[Date "2025.04.29"]
[Round "8.14"]
[White "Janeczek, Maksymilian"]
[Black "Pawlak, Mateusz"]
[Result "0-1"]
[WhiteElo "1748"]
[BlackElo "1604"]
[PlyCount "98"]
[EventDate "2025.??.??"]

1. e4 e6 2. d4 d5 3. Nc3 Nf6 4. Bg5 dxe4 5. Bxf6 gxf6 6. Nxe4 Be7 7. Nf3 f5 8. Ng3 a6 9. Qd2 b5 10. Nh5 h6 11. Ne5 Bd6 12. Bd3 Bxe5 13. dxe5 Qg5 14. Nf6+ Kf8 15. f4 Qg6 16. O-O-O Nd7 17. Qc3 Kg7 18. Qc6 Nb6 19. Be2 h5 20. Rd3 h4 21. Rhd1 a5 22. Rd8 Bb7 23. Ne8+ Rxe8 24. Qxe8 Rxd8 25. Rxd8 Qh7 26. Qe7 Nd5 27. Qe8 Nxf4 28. Bd1 Nxg2 29. Bh5 Kh6 30. Rd7 Kxh5 31. Rxf7 Qh6+ 32. Kb1 Kg4 33. Qxb5 Qe3 34. b3 Qe1+ 35. Kb2 Be4 36. Rg7+ Kh3 37. Rxc7 Kxh2 38. Qb6 Bd5 39. Qd4 h3 40. Rc3 f4 41. Rd3 f3 42. Rd2 Kh1 43. c4 Be4 44. c5 Qe3 45. Qd8 f2 46. Rd1+ Ne1 47. Qf6 Bf3 48. Qh4 f1=Q 49. Rxe1 Qee2+ {Rxf1+ Qxf1} 0-1

[Event "Mistrzostwa Polski Juniorów Młodszych"]
[Site "Suwałki, Poland"]
[Date "2025.04.29"]
[Round "8.11"]
[White "Radziszewski, Leon"]
[Black "Zajadlak, Milosz"]
[Result "1-0"]
[WhiteElo "1598"]
[BlackElo "1835"]
[PlyCount "69"]
[EventDate "2025.??.??"]

1. e4 c5 2. Nf3 d6 3. d4 cxd4 4. Nxd4 Nf6 5. Nc3 a6 6. Be3 e5 7. Nb3 Be7 8. Nd5 Nxd5 9. exd5 O-O 10. Qd3 f5 11. g3 Qe8 12. Nd2 Bf6 13. Nc4 f4 14. Bd2 Qd8 15. O-O-O b5 16. Na5 Qb6 17. gxf4 exf4 18. Bh3 Nd7 19. Bxd7 Bxd7 20. Kb1 Rac8 21. Nb3 Be5 22. Rc1 Bf5 23. Qf3 Rc4 24. Na5 Ra4 25. Nc6 Be4 26. Qg4 Bxh1 27. Qe6+ Kh8 28. Nxe5 Qc7 29. Rxh1 dxe5 30. Bc3 Re4 31. d6 Qc6 32. Rd1 b4 33. Bxe5 Re8 34. Bxg7+ Kxg7 35. Rg1+ 1-0

[Event "Mistrzostwa Polski Juniorów Młodszych"]
[Site "Suwałki, Poland"]
[Date "2025.04.29"]
[Round "8.5"]
[White "Kopacki, Aleksander"]
[Black "Sniedziewski, Emil"]
[Result "1-0"]
[WhiteElo "1980"]
[BlackElo "1985"]
[PlyCount "159"]
[EventDate "2025.??.??"]

1. e4 e6 2. d4 d5 3. Nd2 c5 4. exd5 Qxd5 5. Ngf3 cxd4 6. Bc4 Qd6 7. O-O Nf6 8. Nb3 Nc6 9. Nbxd4 Nxd4 10. Nxd4 Be7 11. b3 O-O 12. Bb2 a6 13. Qf3 Qc7 14. Rfe1 h6 15. a4 Bd7 16. Nf5 Bc6 17. Qg3 Qxg3 18. Nxe7+ Kh7 19. hxg3 Bd7 20. Rad1 Rad8 21. Rd2 Rfe8 22. Ba3 b5 23. axb5 axb5 24. Bf1 b4 25. Bxb4 Rb8 26. Bd6 Rb6 27. Bc5 Rb7 28. Red1 Bb5 29. Bxb5 Rxb5 30. b4 Rxc5 31. bxc5 Rxe7 32. Rd4 Rc7 33. Rc4 Nd5 34. c6 Kg6 35. Rb1 Ne7 36. Rb6 Kf6 37. Rc5 g6 38. Kf1 h5 39. Ke2 Nf5 40. Kd3 Ke7 41. Ke4 Kd6 42. Rc3 Ke7 43. Kf4 Nd6 44. Kf3 Nf5 45. Rb7 Kd6 46. Rxc7 Kxc7 47. Ke4 f6 48. Rc5 Ne7 49. f3 Nxc6 50. g4 Kd6 51. Rxc6+ Kxc6 52. g5 fxg5 53. Ke5 Kd7 54. Kf6 g4 55. fxg4 hxg4 56. Kxg6 Kd6 57. Kg5 Ke5 58. Kxg4 Ke4 59. Kh5 Kd4 60. Kg4 Ke4 61. Kh5 Kd4 62. g4 e5 63. g5 e4 64. Kg4 Ke5 65. g6 Kf6 66. Kf4 Kxg6 67. Kxe4 Kf6 68. Kd5 Ke7 69. Kc6 Kd8 70. Kb7 Kd7 71. c4 Kd6 72. Kb6 Kd7 73. c5 Kc8 74. Kc6 Kb8 75. Kd7 Kb7 76. c6+ Kb8 77. c7+ Kb7 78. c8=Q+ Ka7 79. Qc6 Kb8 80. Qb5+ 1-0

[Event "Mistrzostwa Polski Juniorów Młodszych"]
[Site "Suwałki, Poland"]
[Date "2025.04.29"]
[Round "8.1"]
[White "Ejsymont, Eryk"]
[Black "Serafin, Franciszek"]
[Result "1/2-1/2"]
[WhiteElo "1908"]
[BlackElo "1955"]
[PlyCount "61"]
[EventDate "2025.??.??"]

1. e4 c5 2. Nf3 Nc6 3. d4 cxd4 4. Nxd4 e5 5. Nb5 d6 6. N1c3 a6 7. Na3 Be6 8. Nc4 b5 9. Ne3 Nf6 10. Ned5 Be7 11. Be3 O-O 12. Nxf6+ Bxf6 13. Nd5 Bg5 14. Be2 Bxe3 15. Nxe3 Ne7 16. Qd2 d5 17. exd5 Nxd5 18. Nxd5 Qxd5 19. Qxd5 Bxd5 20. O-O Rfd8 21. Rfd1 Kf8 22. Rd2 Bc6 23. Rad1 Ke7 24. f3 Rxd2 25. Rxd2 Rd8 26. Rxd8 Kxd8 27. Kf2 Ke7 28. c4 Kd6 29. b4 bxc4 30. Bxc4 Bd5 31. Bxa6 1/2-1/2

[Event "Mistrzostwa Polski Juniorów Młodszych"]
[Site "Suwałki, Poland"]
[Date "2025.04.29"]
[Round "8.22"]
[White "Brzeski, Karol"]
[Black "Pisarski, Marek"]
[Result "0-1"]
[WhiteElo "1510"]
[BlackElo "1594"]
[PlyCount "70"]
[EventDate "2025.??.??"]

1. e4 c5 2. Nc3 Nc6 3. Bb5 Nd4 4. Nf3 g6 5. Bc4 Bg7 6. Nxd4 cxd4 7. Qf3 e6 8. Nb5 d6 9. c3 dxc3 10. Nxc3 Ne7 11. d3 O-O 12. g4 Nc6 13. Qg2 Nd4 14. f4 Qh4+ 15. Kd1 d5 16. Bb3 dxe4 17. Nxe4 Rd8 18. Bc2 Bd7 19. Be3 Bc6 20. g5 Nf5 21. Bc1 Bxb2 22. Rb1 Bxc1 23. Kxc1 Qxf4+ 24. Kb2 Bxe4 25. Qxe4 Qxe4 26. dxe4 Ne3 27. Rhe1 Nc4+ 28. Ka1 Na3 29. Ba4 Nxb1 30. Rxb1 Rd4 31. Bc2 Rc8 32. Rb2 Rd2 33. Bb3 Rc1+ 34. Rb1 Rxb1+ 35. Kxb1 Rxh2 0-1

[Event "Mistrzostwa Polski Juniorów Młodszych"]
[Site "Suwałki, Poland"]
[Date "2025.04.29"]
[Round "8.25"]
[White "Guzdziol, Olaf"]
[Black "Szczukiewicz, Wojciech"]
[Result "1/2-1/2"]
[WhiteElo "1601"]
[BlackElo "1615"]
[PlyCount "115"]
[EventDate "2025.??.??"]

1. e4 c5 2. d4 cxd4 3. c3 dxc3 4. Nxc3 Nc6 5. Nf3 d6 6. Bc4 a6 7. a3 Nf6 8. O-O Bg4 9. h3 Bxf3 10. Qxf3 Rc8 11. Ba2 e6 12. Bf4 Nd7 13. Qg3 Nce5 14. Rad1 h6 15. Bxe5 Nxe5 16. f4 Qb6+ 17. Rf2 Nd7 18. f5 e5 19. Bxf7+ Kxf7 20. Qg6+ Kg8 21. Qe6+ Kh7 22. Qxd7 Qd8 23. Qxb7 Be7 24. Nd5 Bh4 25. Re2 Qg5 26. Qf7 Rhf8 27. Qg6+ Qxg6 28. fxg6+ Kxg6 29. Nc3 Be7 30. Nd5 Kf7 31. Nxe7 Kxe7 32. Kh2 Rc4 33. g3 Rfc8 34. Kg2 Rc2 35. Rdd2 Rc1 36. Kf3 Rf8+ 37. Kg4 Rg1 38. Rg2 Rgf1 39. h4 Re1 40. Rde2 Rff1 41. Rxe1 Rxe1 42. Kf3 Rf1+ 43. Ke3 Re1+ 44. Kf3 Ke6 45. Rd2 Rf1+ 46. Kg2 Rc1 47. Kf3 Rc4 48. Ke3 Ra4 49. Rd3 Ra5 50. b4 Rb5 51. Kd2 d5 52. Ke3 d4+ 53. Kd2 Rb7 54. Kd1 Rf7 55. Ke2 g5 56. hxg5 hxg5 57. Rb3 Rb7 58. Rf3 1/2-1/2

[Event "Mistrzostwa Polski Juniorów Młodszych"]
[Site "Suwałki, Poland"]
[Date "2025.04.29"]
[Round "8.2"]
[White "Brzezina, Pawel"]
[Black "Wites, Adam"]
[Result "1-0"]
[WhiteElo "2125"]
[BlackElo "1901"]
[PlyCount "107"]
[EventDate "2025.??.??"]

1. d4 Nf6 2. c4 e6 3. g3 Bb4+ 4. Bd2 Be7 5. Bg2 d5 6. Nf3 O-O 7. O-O Nbd7 8. Qc2 c6 9. Rc1 b6 10. cxd5 cxd5 11. Qc6 Ba6 12. Nc3 Qc8 13. Qa4 Qb7 14. Nb5 Rfc8 15. Bf4 Bxb5 16. Qxb5 Rxc1+ 17. Rxc1 Rc8 18. Rxc8+ Qxc8 19. Qa4 a5 20. Ne1 h6 21. Qc2 Qxc2 22. Nxc2 b5 23. Bc7 a4 24. e3 b4 25. Ba5 b3 26. axb3 axb3 27. Na1 Ba3 28. Bc3 Nb6 29. bxa3 Na4 30. Nxb3 Nxc3 31. Nc5 Kf8 32. a4 Ke7 33. a5 Nd7 34. a6 Nb5 35. Bf1 Na7 36. Nb7 Nb8 37. Bd3 Kd7 38. h4 h5 39. Be2 g6 40. Kg2 Ke7 41. Nc5 Nd7 42. Nxd7 Kxd7 43. f3 Kd6 44. g4 hxg4 45. fxg4 f6 46. Bd3 f5 47. h5 gxh5 48. gxh5 Ke7 49. Kf3 Kf6 50. Kf4 Ke7 51. h6 Kf6 52. h7 Kg7 53. Ke5 Kxh7 54. Kxe6 1-0

[Event "Mistrzostwa Polski Juniorów Młodszych"]
[Site "Suwałki, Poland"]
[Date "2025.04.29"]
[Round "8.10"]
[White "Olejko, Wojciech"]
[Black "Bury, Marcel"]
[Result "1/2-1/2"]
[WhiteElo "1837"]
[BlackElo "1809"]
[PlyCount "54"]
[EventDate "2025.??.??"]

1. d4 d5 2. c4 e6 3. Nf3 Nf6 4. g3 Be7 5. Bg2 O-O 6. O-O b6 7. Nbd2 Bb7 8. b3 Nbd7 9. Bb2 c5 10. Rc1 Rc8 11. a3 Ne4 12. cxd5 Bxd5 13. dxc5 Nxd2 14. Nxd2 Bxg2 15. Kxg2 Nxc5 16. b4 Qd5+ 17. Kg1 Nd7 18. Nf3 Rxc1 19. Qxc1 Qb7 20. Rd1 Nf6 21. Qd2 h6 22. Nd4 Rd8 23. Qc2 Rc8 24. Qd2 Rd8 25. Qc2 Rc8 26. Qd2 Rd8 27. Qc2 Rc8 1/2-1/2

[Event "Mistrzostwa Polski Juniorów Młodszych"]
[Site "Suwałki, Poland"]
[Date "2025.04.29"]
[Round "8.16"]
[White "Kucewicz, Piotr"]
[Black "Szokalo, Jan"]
[Result "1-0"]
[WhiteElo "1764"]
[BlackElo "1591"]
[PlyCount "55"]
[EventDate "2025.??.??"]

1. d4 d5 2. c4 c6 3. Nc3 e6 4. e3 Nf6 5. Nf3 Be7 6. Bd3 O-O 7. O-O h6 8. Qe2 b6 9. e4 dxc4 10. Bxc4 Nbd7 11. e5 Nd5 12. Bd3 Re8 13. Nxd5 cxd5 14. Bd2 Bb7 15. Ne1 Nf8 16. f4 Rc8 17. Qg4 f5 18. exf6 Bxf6 19. Nf3 Re7 20. Bb4 Re8 21. Bxf8 Kxf8 22. Ne5 a6 23. Qh5 Rc7 24. g4 Kg8 25. Qg6 Bh4 26. Qh7+ Kf8 27. Bg6 Ree7 28. Qh8# 1-0

[Event "Mistrzostwa Polski Juniorów Młodszych"]
[Site "Suwałki, Poland"]
[Date "2025.04.29"]
[Round "8.20"]
[White "Ladon, Jeremi"]
[Black "Jedlikowski, Jan"]
[Result "1/2-1/2"]
[WhiteElo "1670"]
[BlackElo "1530"]
[PlyCount "63"]
[EventDate "2025.??.??"]

1. e4 e6 2. d4 d5 3. exd5 exd5 4. Nf3 Bd6 5. Bd3 Nf6 6. Qe2+ Qe7 7. Qxe7+ Kxe7 8. O-O Nc6 9. Re1+ Be6 10. c3 h6 11. Nbd2 Rhe8 12. Ne5 Bxe5 13. dxe5 Nd7 14. Nf3 Kf8 15. Bf4 Bg4 16. Bb5 Bxf3 17. Bxc6 bxc6 18. gxf3 Nc5 19. Re3 Ne6 20. Bg3 g5 21. h4 c5 22. hxg5 hxg5 23. Rd3 c6 24. b4 cxb4 25. cxb4 Rab8 26. a3 d4 27. Rc1 Rbc8 28. Rc4 Red8 29. f4 gxf4 30. Bh4 Rd5 31. Bf6 Rc7 32. Kf1 1/2-1/2

[Event "Mistrzostwa Polski Juniorów Młodszych"]
[Site "Suwałki, Poland"]
[Date "2025.04.29"]
[Round "8.24"]
[White "Wasilewski, Mateusz"]
[Black "Kiecana, Ignacy"]
[Result "0-1"]
[WhiteElo "1678"]
[BlackElo "1744"]
[PlyCount "95"]
[EventDate "2025.??.??"]

1. e4 c5 2. Nf3 d6 3. d4 cxd4 4. Nxd4 Nf6 5. Nc3 a6 6. f4 Nbd7 7. a4 b6 8. Bd3 Bb7 9. O-O e6 10. Kh1 Be7 11. Qe1 O-O 12. f5 e5 13. Nf3 Rc8 14. g4 Nxg4 15. Rg1 Ngf6 16. Qg3 Ne8 17. h4 Kh8 18. Be3 Bf6 19. h5 Qe7 20. Qf2 Nc5 21. Rg4 Qd8 22. Rag1 Nd7 23. Qd2 Qc7 24. Nh4 Bxh4 25. Rxh4 Ndf6 26. Qf2 d5 27. Bxb6 Qd7 28. Bc5 Rg8 29. exd5 Nxd5 30. Ne4 Ndf6 31. Kh2 Nxe4 32. Bxe4 Bxe4 33. Rxe4 Qd5 34. Rge1 Qxc5 35. Qxc5 Rxc5 36. Rxe5 Rxc2+ 37. Kg3 Nf6 38. Ra5 Nxh5+ 39. Kh4 Rh2+ 40. Kg4 Nf6+ 41. Kg3 Rxb2 42. Rxa6 Ra2 43. Ra7 Rf8 44. Ree7 Kg8 45. a5 Ra3+ 46. Kf2 Nd5 47. Red7 Nb4 48. Ke1 0-1